000 00579nam a2200217 i 4500
001 147006
003 ES-MaACL
005 20230906201750.0
007 t|
008 070920s1952 sp ||||1| spa d
080 _a621.396.6
100 1 _aDarkness, R. J.
_942731
245 1 0 _aCircuitos modernos /
_cR. de Darkness [seud.].
250 _a1ª ed.
260 _aBarcelona :
_bBruguera,
_c1952.
300 _a216 p. :
_bil. ;
_c19 cm.
490 1 _aTécnica al día
830 0 _aTécnica al día
_9187437
852 _aES-MaACL
_jD-8131
_bR.32790
999 _c147006
_d147006